Countries with USA troop deployments Quiz Stats

 Plays Quiz not verified by Sporcle

Score 0/28 Timer 05:00
0 Plays Today
# of troops Country % Correct
47,761Germany
96.8%
~68,000Afghanistan
96.4%
9,317United Kingdom
95.3%
50,937Japan
94.6%
28,500South Korea
91%
1,727Spain
88.4%
346Australia
88.4%
10,801Italy
87.7%
147Canada
86.3%
1,505Turkey
85.2%
284Saudi Arabia
76.2%
743Portugal
72.6%
351Greece
72.6%
280Egypt
70.8%
# of troops Country % Correct
10,548Kuwait
68.2%
143Philippines
67.1%
374Netherlands
63.2%
996Cuba (Guantanamo Bay)
60.6%
159Denmark (Greenland)
59.9%
1,174Belgium
59.6%
117Thailand
53.4%
191United Arab Emirates
53.4%
806Qatar
50.5%
2,713Bahrain
48.4%
154Singapore
30%
408Honduras
22.7%
133Guatemala
17.1%
168Djibouti
15.5%

You're not logged in!

Compare scores with friends on all Sporcle quizzes.
OR
Log In

Show Comments

Extras

Top Quizzes Today


Score Distribution

Your Account Isn't Verified!

In order to create a playlist on Sporcle, you need to verify the email address you used during registration. Go to your Sporcle Settings to finish the process.

Report this User

Report this user for behavior that violates our Community Guidelines.

Details: